Estadísticas para Fichajes Récord del Real Betis

Haz click aquí para intentar la prueba.

Estadísticas generales

  • Esta prueba ha sido intentada 43 veces
  • La puntuación promedio es 11 de 20

Estadísticas de respuestas

$$$TemporadaViene de...Jugador% Correcto
28.000.0002019/20EspanyolBorja Iglesias
97%
19.750.0002019/20LyonNabil Fekir
97%
8.000.0002023/24West HamPablo Fornals
84%
10.500.0002017/18Borussia DortmundMarc Bartra
81%
14.000.0002018/19Club AméricaDiego Lainez
74%
7.000.0002022/23Athletico ParanaenseAbner
71%
22.000.0002019/20Paris Saint-GermainGiovani Lo Celso
71%
8.000.0002022/23FluminenseLuiz Henrique
71%
18.500.0002018/19Sporting LisboaWilliam Carvalho
68%
8.000.0002019/20Real SociedadJuanmi
58%
10.000.0002022/23Real SociedadWillian José
58%
9.700.0002019/20Rayo VallecanoÁlex Moreno
52%
9.000.0002008/09Real ZaragozaRicardo Oliveira
39%
7.500.0002023/24FC BarcelonaAbde Ezzalzouli
32%
7.000.0002017/18LevanteVíctor Camarasa
29%
7.000.0002017/18MontpellierRyad Boudebouz
26%
10.000.0002008/09Real ZaragozaSergio García
19%
7.500.0002016/17AS RomaAntonio Sanabria
16%
7.000.0002008/09ToulouseAchille Emaná
10%
8.500.0002006/07InternacionalRafael Sóbis
3%

Distribución de puntuación

Porcentaje por número respondido

Porcentaje de gente con cada puntuación

Historial de tus puntuaciones

No has intentado esta prueba.